Les Simpson - Titre des épisodes (saison 22) - Statistiques

Statistiques générales
  • Ce quiz a été pris 5 fois
  • Le résultat moyen est 15 sur 22
Statistiques - réponses
Question Réponse % Correct
Homer aux mains ... d'argent
100%
Drôle ... d'héritage
100%
Ce fou ... d'Monty
100%
Gym ... Tony
100%
Faux ... Amis
80%
Bart-... ball
80%
Le songe d'un ... ennui d'été
80%
Papa furax : le ... film
80%
L'Amour à couper ... le souffle
80%
La Pêche au ... Ned
80%
Simpson Horror ... Show XXI
80%
500 ... clés
60%
La Vraie Femme de ... Gros Tony
60%
Pas comme ... ma mère
60%
Cours élémentaire ... musical
60%
Moe n'en loupe ... pas une
60%
Les langues du ... scorpion
60%
La Grande ... Simpsina
60%
Combien pour cet oiseau ... dans la vitrine ?
40%
La Bataille ... de Noël
40%
Le Bleu et ... le Gris
40%
Homer le ... père
40%
Aucun quiz correspondant
Distribution des résultats
% des personnes avec chaque résultat
Percentile par nombre de réponses
Votre historique - résultats
Vous n’avez pas pris ce quiz